Générique Edgar, le Détective Cambrioleur - Paroles - Statistiques

Statistiques générales
  • Ce quiz a été pris 6 fois
  • Le résultat moyen est 17 sur 23
Statistiques - réponses
Paroles % Correct
A l'autre bout du {monde}
100%
Edgar, {Edgar}
100%
Edgar, {Edgar}
100%
Edgar, {Edgar}
100%
Edgar, {Edgar}
100%
Pourtant n'a qu'une {parole}
83%
Prince de la {cambriole}
83%
Sait bien que le seul {trésor}
83%
Un bruit au fond de la {nuit}
83%
Une main gantée de {noir}
83%
Un {gentleman}, un Milord
83%
Valent bien plus qu'une montagne d'{or}
83%
Disent {au} {revoir}
67%
Est reparti dans l'{ombre}
67%
Un coffre s'ouvre en {silence}
67%
Une clé tourne sans {bruit}
67%
Une ombre sur le {tapis}
67%
Est dans le coeur des {belles}
50%
Et des {coffre}-{forts}
50%
Et les {bijoux}, les Renoir
50%
Leurs yeux et leurs {dentelles}
50%
Prends des paquets de {dollars}
50%
Transpercer des {coeurs}
50%
Aucun quiz correspondant
Distribution des résultats
% des personnes avec chaque résultat
Percentile par nombre de réponses
Votre historique - résultats
Vous n’avez pas pris ce quiz